000 00224nam a22000977a 4500
999 _c263569
_d263568
020 _a0553492373
100 _aJamie Suzanne
245 _aElizabeth Next Stop, Jr. High
260 _aNew York
_bBantam Books
_c1998
942 _cBK